Catalog

Record Details

Catalog Search



Mother Bruce : Bruce  Cover Image Book Book

Mother Bruce : Bruce / Ryan T. Higgins.

Higgins, Ryan T.,: (author,:, illustrator.).

Summary:

Bruce the bear likes to keep to himself. That, and eat eggs. But when his hard-boiled goose eggs turn out to be real, live goslings, he starts to lose his appetite. And even worse, the goslings are convinced he's their mother. Bruce tries to get the geese to go south, but he can't seem to rid himself of his new companions. What's a bear to do?

Record details

  • ISBN: 9781484730881
  • ISBN: 1484730887
  • ISBN: 9780605942639
  • ISBN: 0605942633
  • ISBN: 9781518115899
  • ISBN: 1518115896
  • Physical Description: 44 pages: color illustrations ; 24 x 32 cm
  • Edition: First edition.
  • Publisher: Los Angeles ; Disney*Hyperion, 2015.

Content descriptions

Participant or Performer Note:
Illustrated by the author.
Target Audience Note:
Preschool.
Awards Note:
Show Me Nominee, 2017-2018.
Ezra Jack Keats, Honor, Illustrator, 2016.
Subject: Bears > Juvenile fiction.
Geese > Juvenile fiction.
Animals > Infancy > Juvenile fiction.
Eggs > Juvenile fiction.
Genre: Picture books.

Available copies

  • 1 of 1 copy available at scottsboropl.

Holds

  • 0 current holds with 1 total copy.
Show Only Available Copies
Location Call Number / Copy Notes Barcode Shelving Location Status Due Date
scottsboropl E Hig 32269001195729 Juvenile - Easy Available -

LDR 04635cam a2200973 i 4500
001155937
003SBPL
00520210528161922.0
008150109s2015 caua a 000 1 eng
010 . ‡a 2014045992
020 . ‡a9781484730881
020 . ‡a1484730887
020 . ‡a9780605942639
020 . ‡a0605942633
020 . ‡a9781518115899 ‡q(FollettBound)
020 . ‡a1518115896 ‡q(FollettBound)
035 . ‡a(OCoLC)899949496
08200. ‡a[E] ‡223
1001 . ‡aHiggins, Ryan T.,: ‡eauthor,: ‡eillustrator.
24510. ‡aMother Bruce : ‡bBruce / ‡cRyan T. Higgins.
250 . ‡aFirst edition.
264 1. ‡aLos Angeles ; ‡aNew York : ‡bDisney*Hyperion, ‡c2015.
300 . ‡a44 pages: ‡bcolor illustrations ; ‡c24 x 32 cm
336 . ‡atext ‡btxt ‡2rdacontent
336 . ‡astill image ‡bsti ‡2rdacontent
337 . ‡aunmediated ‡bn ‡2rdamedia
338 . ‡avolume ‡bnc ‡2rdacarrier
4901 . ‡aBruce
5110 . ‡aIllustrated by the author.
520 . ‡aBruce the bear likes to keep to himself. That, and eat eggs. But when his hard-boiled goose eggs turn out to be real, live goslings, he starts to lose his appetite. And even worse, the goslings are convinced he's their mother. Bruce tries to get the geese to go south, but he can't seem to rid himself of his new companions. What's a bear to do?
521 . ‡aPreschool.
586 . ‡aShow Me Nominee, 2017-2018.
586 . ‡aEzra Jack Keats, Honor, Illustrator, 2016.
650 0. ‡aBears ‡vJuvenile fiction.
650 0. ‡aGeese ‡vJuvenile fiction.
650 0. ‡aAnimals ‡xInfancy ‡vJuvenile fiction.
650 0. ‡aEggs ‡vJuvenile fiction.
655 7. ‡aPicture books. ‡2lcgft
830 0. ‡aBruce.
901 . ‡a155937 ‡b ‡c155937 ‡tbiblio

Additional Resources